| Registos Bibliográficos associados ao registo de autoridade |
|
Etiqueta de registo: 00230nam 2200025 450 001 1701201 003 http://id.bnportugal.gov.pt/bib/catbnp/1701201 010 ## $a978-989-552-250-7 021 ## $aPT$b256631/07 100 ## $a20090202d2007 m y0pory0103 ba 101 1# $apor$ceng 102 ## $aPT 105 ## $aa z 000yy 106 ## $ar 200 1# $aViagens no tempo no universo de Einstein$fJ. Richard Gott III$gtrad. Ana Luísa Coelho 205 ## $a1ª ed 210 #9 $aVila Nova de Famalicão$cQuasi,$d2007 215 ## $a272, [7] p.$cil.$d24 cm 225 2# $aBiblioteca os dragões do Éden 304 ## $aTít. orig.: Time travel in Einstein's Universe: The physical possibilities of travel
through time 320 ## $aBibliografia, p. 263-272 675 ## $a530.1$vBN$zpor$3290651 700 #1 $aGott,$bJ. Richard,$f1947-$398080 702 #1 $aCoelho,$bAna Luísa de Hurbano Seco$4730$31158988 801 #0 $aPT$bBN$gRPC 900 ## $aBIBNAC$d20130602 966 ## $lBN$mFGMON$sS.A. 124366 V.$x1 966 ## $lBN$mFGMON$sS.A. 124366 V.-D$x1
Etiqueta de registo: 00254nam 2200025 450 001 2103602 003 http://id.bnportugal.gov.pt/bib/catbnp/2103602 010 ## $a978-972-44-2542-9 021 ## $aPT$b499010/22 100 ## $a20220701d2022 m y0pory01030103ba 101 1# $apor$ceng 102 ## $aPT 105 ## $aa z 000yy 106 ## $ar 200 1# $a Uma breve visita ao Universo$fNeil deGrasse Tyson, Michael A. Strauss, J. Richard Gott$gtrad. Jorge Pereirinha Pires 210 #9 $aLisboa$cEdições 70,$d2022 215 ## $a174 p.$cil.$d24 cm 225 2# $aUniverso da ciência 304 ## $aTít. orig.: A brief welcome to the Universe : a pocket sized tour in 675 ## $a524.3/.8$vBN$zpor$31851538 675 ## $a523$vBN$zpor$3293400 700 #1 $aTyson,$bNeil deGrasse$31850894 701 #1 $aStrauss,$bMichael A.$4070$31850895 701 #1 $aGott,$bJ. Richard,$f1947-$4070$398080 702 #1 $aPires,$bJorge,$f1961-$4730$3104592 801 #0 $aPT$bBN$gRPC 856 41 $uhttp://rnod.bnportugal.gov.pt/ImagesBN/winlibimg.aspx?skey=&doc=2103602&img=166512&save=true 900 ## $aBIBNAC$d20220811 966 ## $lBN$mFGMON$sS.A. 181087 V.$x1 966 ## $lBN$mFGMON$sS.A. 181087 V.-D$x1 971 ## $carosa$d20220701 972 ## $e1$z0$d20220811$vasantos 973 ## $cmlsousa$d20220708 975 ## $d20220825$e2$vevalente
|
|
|